01225cam a2200277 a 450000100100000000500170001000800410002702000150006804000250008304100130010808200190012110000490014024501160018926000290030530000210033453400910035550400420044650400410048865000340052965000340056365000350059770000510063295201220068395201270080599900150093200000341020200929150432.0830309s1981 sp 000 p spa  a8485762045 aDO-SdBNPbspacBNPHU17aspaheng a811.008bW721v1 aWilliams, William Carlos,d1883 -196391063110aViaje hacia el amor y otros poemas (1954-1962) /cWilliam Carlos Williams; traducción, Carmen Martín Gaite. aMadrid :bTriete,c1981. a240 p. ;c20 cm. aTítulo original: Pictures from brueghel and others poems (Collected poems 1950-1962) aIncluye notas al pie de las páginas aIncluye referencias bibliográficas 4aPoesía estadounidense96278 4aPoesíasxColecciones910632 4aLiteratura estadounidense92631 aMartín Gaite, Carmen,d1925-2000etr.910633 001052708MOaGRbGRcHDd2009-07-08iLF1l0o811.008 W721vp3410-10r2020-06-25w2020-06-25y2ZPréstamo interno 001053728MOaGRbGRcHDd2009-07-08iLF1l0o811.008 W721vp3410-20r2020-06-25te.2w2020-06-25y2ZPréstamo interno c3240d3240